000 00438nam a2200157 i 4500
001 91101
003 ES-MaACL
005 20230906180635.0
007 t|
008 050127s1900 xxk ||||1| eng d
100 1 _aLeonard, E. M.
_971663
245 1 4 _aThe early history of english poor relief /
_cby E.M. Leonard.
260 _aCambridge :
_b[J. and C.F. Clay],
_c1900.
300 _aXVIII, 397 p. ;
_c23 cm.
852 _aES-MaACL
_jB-610
999 _c91101
_d91101